Länder mit den ältesten Moscheen - Statistiken

Allgemein
  • Dieses Quiz wurde 28 mal gespielt
  • Das Durchschnittsergebnis liegt bei 11 aus 15
Antwortstatistiken
Moschee Jahr Land % Korrekt
Qubāʾ-Moschee 622 Saudi-Arabien
96%
Imam-Ali-Moschee 635 Irak
93%
Große Moschee von Sanaa 7. Jh. Jemen
93%
Moschee des Māzin bin Al-Ghaḍūbah 627 Oman
89%
al-Aqsa-Moschee / Machpela 637 Israel
86%
Moschee des ʿAmr ibn al-ʿĀs 641 Ägypten
82%
Sidi-Okba-Moschee 686 Algerien
82%
Umayyaden-Moschee 715 Syrien
82%
Große Moschee von Kairouan 670 Tunesien
75%
Cheraman-Freitagsmoschee 629 Indien
71%
al-ʿUmarī-Moschee 635 Libanon
71%
Huaisheng-Moschee 7. Jh. China
61%
al-Nejashi-Moschee 7. Jh. Äthiopien
50%
Moschee der Gefährten 620er/630er Eritrea
36%
Verlorene Moschee 689 Bangladesch
29%
Keine übereinstimmenden Quizze gefunden
Verteilung der Resultate
Anzahl Personen mit jedem Resultat
Perzentil nach korrekt beantworteten Fragen
Ihre Resultats-Entwicklung
Sie haben dieses Quiz noch nicht gespielt